• 首页
  • 本馆介绍
  • 公告通知
  • 最新文献
  • 馆藏检索
  • 电子资源
  • 读者导购
  • 参考咨询
  • 我的图书馆
  • 登录
  • 详细信息显示
  • 放入我的书架
  • 预约/预借图书
  • 作者相关作品
  • 分类相关作品
  • 丛书相关作品
  • 出版社相关作品

书目信息

  • 表格格式
  • 工作单格式
  • 卡片格式
书名: Language development
作者: Robert E. Owens, Jr.
分册号:
分册名:
出版地: Boston :
 
出版社: Allyn & Bacon
出版时间: c1996.
页数: xvi, 544 p. :
开本: 24 cm.
丛书名:
中图分类号:
科图分类号:
其他分类号: H0-09
主题词:
电子资源:
000 00783pam 2200265 a 45
001 E0729819281
003 DLC
005 20070517164805.57
008 950703s1996 maua b 001 0 eng
010    @a 95034118
020    @a0023901918.
040    @aDLC@cDLC@dDLC
050 00 @aP118@b.O93 1996
082 00 @a401/.93 @2 20
090    @aH0-09
099    @dH0-09@ex84=4
100 1  @aOwens, Robert E.
245 10 @aLanguage development :@ban introduction / @cRobert E. Owens, Jr.
250    @a4th ed.
260    @aBoston :@bAllyn & Bacon,@cc1996.
300    @axvi, 544 p. :@bill. ;@c24 cm.
504    @aIncludes bibliographical references (p. 467-523) and indexes.
650  0 @aLanguage acquisition.
905    @anul98001969
920    @a232010@bH09/X29
    
    Language development : : an introduction / / Robert E. Owens, Jr.-4th ed.-Boston : : Allyn & Bacon, , c1996.
    xvi, 544 p. : : ill. ; ; 24 cm.
    Includes bibliographical references (p. 467-523) and indexes.
    
    ISBN 0023901918.
    
●
相关链接 在E读中查询图书 在五车中查询图书 在当当中查询图书 在豆瓣中查询图书


正题名:Language development     索取号:H0-09/x84=4         预约/预借

序号 登录号 条形码 馆藏地/架位号 状态 备注
1 006562   300065621   第二样本阅览室/ [索取号:H0-09/x84=4] 在馆    
2 006563   300065630   密集书库/ [索取号:H0-09/x84=4] 在馆    
3 006564   300065649   密集书库/ [索取号:H0-09/x84=4] 在馆    
4 006565   300065658   第四借阅区/ [索取号:H0-09/x84=4] 在馆    
5 006566   300065667   第四借阅区/ [索取号:H0-09/x84=4] 在馆    
6 9945   300099453   第四借阅区/ [索取号:H0-09/x84=4] 在馆    
唐山师范学院图书馆 欢迎您!
大连网信软件有限公司© 版权所有